Kadra Holandii Na Euro 2020 - Statystyki

Ogólne statystyki
  • Ten quiz został rozwiązany 73 razy
  • Średni wynik to 13 z 26
Statystyki odpowiedzi
Hint Odpowiedź % Poprawnych
Napastnik Depay
97%
Pomocnik De Jong
92%
Napastnik De Jong
92%
Pomocnik Wijnaldum
85%
Obrońca De Ligt
83%
Obrońca Dumfries
73%
Obrońca De Vrij
65%
Napastnik Weghorst
60%
Bramkarz Stekelenburg
58%
Obrońca Blind
57%
Bramkarz Krul
52%
Napastnik Malen
47%
Obrońca Ake
40%
Napastnik Gakpo
35%
Pomocnik Klaassen
33%
Napastnik Berghuis
32%
Pomocnik De Roon
32%
Pomocnik Timber
32%
Pomocnik Promes
30%
Obrońca Van Aanholt
28%
Pomocnik Van De Beek
28%
Pomocnik Gravenberch
23%
Obrońca Wijndal
23%
Bramkarz Bizot
20%
Pomocnik Koopmeiners
17%
Obrońca Veltman
17%
Nie znaleziono quizów pasujących do podanych kryteriów
Rozkład punktacji
Procent ludzi z każdym wynikiem
Percentyl według liczby udzielonych odpowiedzi
Twoja historia wyników
Nie rozwiązałeś tego quizu